| 000 | 01345naa a22003737a 4500 | ||
|---|---|---|---|
| 001 | BR7805280 | ||
| 003 | BR-BrBNA | ||
| 005 | 20240918174211.0 | ||
| 007 | ta | ||
| 008 | 230509b bl.||||| |||| 00| 0 por d | ||
| 040 |
_aBR-BrBNA _bpor _cBiblioteca Nacional de Agricultura |
||
| 041 | _a(Pt) | ||
| 072 |
_aF00 _b0210 _b3520 _b3690 _bG514 |
||
| 090 | _aF00 BR7805280 | ||
| 100 | 1 | _aFontes, P.C.R. | |
| 100 | 1 | _aMizubuti, A. | |
| 100 | 1 | _aSaturnino, H.M. | |
| 100 | 1 | _aMascarenhas, M.H.T. | |
| 245 | 1 | _aIdentificacao de tecnicas visando a producao de tuberculo - semente de batata - 1. efeito de imersao do tuberculo-semente e epoca de aplicacao de Cycocel [regulador de crescimento, Sete Lagoas, Minas Gerais, Brasil] | |
| 260 | 3 |
_aBelo Horizonte, MG (Brasil): _c1978. |
|
| 500 | _aProjeto olericultura. Relatorio anual 1975/76 Belo Horizonte, MG (Brasil): 1978. p. 76-80 (BR7805280-AM)F00 | ||
| 650 | _aBATATA | ||
| 650 | _aTUBERCULO | ||
| 650 | _aREGULADOR DE CRESCIMENTO | ||
| 650 | _aCRESCIMENTO | ||
| 650 | _aCONTROLE QUIMICO | ||
| 650 | _aPLANTIO | ||
| 650 | _aRENDIMENTO | ||
| 650 | _aSETE LAGOAS | ||
| 650 | _aMINAS GERAIS | ||
| 773 | 0 |
_tProjeto olericultura. Relatorio anual 1975/76 _wF00 BR7805280 _gBelo Horizonte, MG (Brasil), 1978. p. 76-80 |
|
| 909 |
_a202404 _bLucia _c55 _dLucia Elande |
||
| 942 |
_cAM _2AGRIS |
||
| 999 |
_c309553 _d309553 |
||